[Event "Match (training)"]
[Site "Montreal CAN"]
[Date "2002.??.??"]
[Round "3"]
[White "Legky, Nikolay"]
[Black "Roussel-Roozmon, Thomas"]
[Result "1-0"]
[WhiteElo "2498"]
[BlackElo "2218"]
[PlyCount "55"]
[EventDate "2002.??.??"]
[EventType "match"]
[EventRounds "4"]
[EventCountry "CAN"]

1. d4 Nf6 2. c4 e6 3. Nc3 Bb4 4. e3 c5 5. Nge2 cxd4 6. exd4 O-O 7. a3 Be7 8. d5
exd5 9. cxd5 Re8 10. d6 Bf8 11. g3 b6 12. Bg2 Nc6 13. Nb5 Ba6 14. a4 Rc8 15.
O-O Bxb5 16. axb5 Na5 17. b3 Bxd6 18. Qxd6 Rxe2 19. Be3 Rb2 20. Rfb1 Rxb1+ 21.
Rxb1 Qf8 22. Qd3 Qa3 23. Bg5 Rc7 24. Bxf6 gxf6 25. Bd5 Qe7 26. Qf3 Qe5 27. b4
Nc4 28. Qg4+ 1-0

[Event "Match (training)"]
[Site "Montreal CAN"]
[Date "2002.??.??"]
[Round "4"]
[White "Roussel-Roozmon, Thomas"]
[Black "Legky, Nikolay"]
[Result "1/2-1/2"]
[WhiteElo "2218"]
[BlackElo "2498"]
[PlyCount "34"]
[EventDate "2002.??.??"]
[EventType "match"]
[EventRounds "4"]
[EventCountry "CAN"]

1. d4 d5 2. c4 c6 3. Nf3 dxc4 4. e3 Be6 5. Nbd2 Qa5 6. Qc2 Nd7 7. Bxc4 Bxc4 8.
Qxc4 g6 9. O-O Ngf6 10. b4 Qh5 11. Nb3 Bg7 12. Na5 Rb8 13. Rb1 O-O 14. Bd2 Ne4
15. Rfd1 Nd6 16. Qd3 Qd5 17. Qb3 Rbc8 1/2-1/2

[Event "Hastings Challengers 2001-02"]
[Site "Hastings ENG"]
[Date "2001.??.??"]
[Round "?"]
[White "Roussel-Roozmon, Thomas"]
[Black "Berg, Emanuel"]
[Result "1/2-1/2"]
[WhiteElo "2140"]
[BlackElo "2500"]
[PlyCount "216"]
[EventDate "2001.12.28"]
[EventType "swiss"]
[EventRounds "9"]
[EventCountry "ENG"]
[Source "CFC"]
[SourceDate "2002.02.??"]

1. d4 Nf6 2. c4 e6 3. Nc3 Bb4 4. Qc2 c5 5. dxc5 Na6 6. a3 Bxc3+ 7. Qxc3 Nxc5 8.
b4 Nce4 9. Qb2 d5 10. c5 d4 11. e3 e5 12. exd4 exd4 13. Bd3 O-O 14. Ne2 b6 15.
cxb6 Qxb6 16. O-O Rd8 17. Rd1 Bg4 18. Re1 Bf5 19. Qb1 Ng4 20. Ng3 Nc3 21. Qc2
Bxd3 22. Qxd3 Qf6 23. Qf3 Qxf3 24. gxf3 Nf6 25. Bd2 a5 26. Bxc3 dxc3 27. Rac1
axb4 28. axb4 Rac8 29. Rc2 Rd3 30. Ne4 Nd5 31. Rec1 Rxf3 32. b5 Rf4 33. Rd1
Rg4+ 34. Kf1 Rxe4 35. Rxd5 g6 36. b6 Rb4 37. Rd3 Rc6 38. Rdxc3 Rcxb6 39. Rc4
Rb1+ 40. Rc1 Kg7 41. Rxb1 Rxb1+ 42. Kg2 Rb3 43. Rc7 Rd3 44. Ra7 Kf6 45. Rb7 Kg7
46. Ra7 Rd4 47. Kg3 g5 48. Ra6 f6 49. h3 Kg6 50. Ra3 f5 51. Ra6+ Kh5 52. Ra3
f4+ 53. Kg2 Rd6 54. Rb3 h6 55. Ra3 Kh4 56. Rb3 Rf6 57. Rb4 Rc6 58. Rb3 Rc2 59.
Ra3 h5 60. Rf3 Ra2 61. Kh2 Ra4 62. Rb3 Ra2 63. Rf3 Rb2 64. Kg2 Rc2 65. Kh2 Rc8
66. Ra3 Rc2 67. Rf3 Rc4 68. Ra3 g4 69. hxg4 hxg4 70. Ra2 Re4 71. Ra8 Re2 72.
Kg1 Rd2 73. Rb8 Kg5 74. Rb5+ Kh4 75. Rb8 f3 76. Ra8 Kg5 77. Ra4 Kf5 78. Rb4 Ra2
79. Rc4 Re2 80. Ra4 Re4 81. Ra8 Re2 82. Ra4 Rb2 83. Rc4 Rb1+ 84. Kh2 Rf1 85.
Rc2 Kf4 86. Rc4+ Kf5 87. Rc2 Ke4 88. Rc4+ Kd3 89. Rxg4 Ke2 90. Ra4 Rxf2+ 91.
Kh1 Rf1+ 92. Kh2 Rd1 93. Ra2+ Rd2 94. Ra1 Kf2 95. Rb1 Re2 96. Ra1 Rb2 97. Ra8
Ke3+ 98. Kg3 Rg2+ 99. Kh3 Rd2 100. Kg3 Rg2+ 101. Kh3 Rg7 102. Ra3+ Kf4 103.
Ra4+ Ke5 104. Ra5+ Ke4 105. Ra4+ Kd3 106. Ra3+ Ke2 107. Ra2+ Kd1 108. Rf2 Rf7
1/2-1/2

[Event "CAN-ch"]
[Site "Montreal CAN"]
[Date "2001.08.21"]
[Round "1"]
[White "Roussel-Roozmon, Thomas"]
[Black "Gardner, Robert"]
[Result "1-0"]
[WhiteElo "2126"]
[BlackElo "2206"]
[PlyCount "101"]
[EventDate "2001.08.21"]
[EventType "swiss"]
[EventRounds "9"]
[EventCountry "CAN"]
[Source "Mark Crowther"]
[SourceDate "2001.08.27"]

1. d4 f5 2. g3 Nf6 3. Bg2 g6 4. Nf3 Bg7 5. c4 O-O 6. Nc3 d6 7. O-O Nc6 8. d5
Ne5 9. Nxe5 dxe5 10. Qb3 Kh8 11. Rd1 h6 12. Bd2 g5 13. Be1 f4 14. c5 Bf5 15.
Qxb7 Rb8 16. Qxa7 Rxb2 17. Qa3 Qb8 18. d6 exd6 19. cxd6 cxd6 20. Qxd6 Qa7 21.
a4 e4 22. Nb5 Qb7 23. Nd4 Ne8 24. Qc5 Bg4 25. Bc3 Rb6 26. Ne6 Rf5 27. Bxg7+
Nxg7 28. Rd8+ Kh7 29. Nf8+ Rxf8 30. Qxf8 Bxe2 31. h3 f3 32. Bf1 e3 33. Qg8+ Kg6
34. Qd5 Qe7 35. Rd7 Qf6 36. Qd4 Bxf1 37. Kxf1 e2+ 38. Ke1 h5 39. Qxf6+ Kxf6 40.
a5 Ra6 41. Rd3 g4 42. hxg4 hxg4 43. Rd4 Kf5 44. Rf4+ Ke5 45. Rxg4 Nf5 46. Ra3
Nd4 47. Re3+ Kd5 48. Rd3 Rxa5 49. Rg5+ Ke6 50. Re3+ Kf6 51. Rxa5 1-0

[Event "CAN-ch"]
[Site "Montreal CAN"]
[Date "2001.08.22"]
[Round "2"]
[White "Ghannoum, Marc"]
[Black "Roussel-Roozmon, Thomas"]
[Result "1-0"]
[WhiteElo "2192"]
[BlackElo "2126"]
[PlyCount "133"]
[EventDate "2001.08.21"]
[EventType "swiss"]
[EventRounds "9"]
[EventCountry "CAN"]
[Source "Mark Crowther"]
[SourceDate "2001.08.27"]

1. e4 c6 2. d4 d5 3. exd5 cxd5 4. Bd3 Nc6 5. c3 Nf6 6. Bf4 Bg4 7. Qb3 Qc8 8.
Nd2 e6 9. Ngf3 Bxf3 10. Nxf3 Be7 11. O-O O-O 12. Rfe1 Nh5 13. Bd2 Qc7 14. Ne5
Nxe5 15. dxe5 g6 16. g4 Ng7 17. Be3 Bc5 18. Bd4 Rac8 19. a4 Bxd4 20. cxd4 f5
21. g5 Qe7 22. h4 Nh5 23. Rac1 h6 24. Qa3 Qxa3 25. bxa3 hxg5 26. hxg5 Kf7 27.
Bb5 Ke7 28. Kg2 a6 29. Bf1 Kd7 30. Rb1 Rc7 31. Rb6 Re8 32. Reb1 Kc8 33. R1b3
Ree7 34. a5 Kd8 35. Kf3 Ke8 36. Ke3 Ng7 37. Be2 Kf7 38. Kd2 Ke8 39. Rh3 Kf7 40.
Rbb3 Re8 41. Rhc3 Ree7 42. Kd3 Ke8 43. Rc5 Kd8 44. Rb1 Re8 45. Rh1 Rg8 46. Rh7
Kd7 47. f4 Rxc5 48. dxc5 Kc6 49. Kd4 Ne8 50. Bd1 Ng7 51. Rh6 Kb5 52. Rxg6 Kxa5
53. Rf6 Kb5 54. Rf7 Kc6 55. Re7 b6 56. Ba4+ b5 57. Bd1 a5 58. Ra7 Ne8 59. Ra6+
Kd7 60. Rxa5 Nc7 61. Be2 Kc6 62. a4 b4 63. Ra7 Rb8 64. Bb5+ Nxb5+ 65. axb5+
Rxb5 66. Ra6+ Kb7 67. Rb6+ 1-0

[Event "CAN-ch"]
[Site "Montreal CAN"]
[Date "2001.08.22"]
[Round "3"]
[White "Roussel-Roozmon, Thomas"]
[Black "Bluvshtein, Mark"]
[Result "1/2-1/2"]
[WhiteElo "2126"]
[BlackElo "2303"]
[PlyCount "83"]
[EventDate "2001.08.21"]
[EventType "swiss"]
[EventRounds "9"]
[EventCountry "CAN"]
[Source "Mark Crowther"]
[SourceDate "2001.08.27"]

1. c4 e6 2. Nc3 c5 3. Nf3 b6 4. g3 Bb7 5. Bg2 Nf6 6. O-O Be7 7. d4 cxd4 8. Qxd4
d6 9. Rd1 a6 10. b3 Nbd7 11. Bb2 O-O 12. Ng5 Bxg2 13. Kxg2 Qc7 14. Nge4 Rfd8
15. Kg1 Nc5 16. Rd2 d5 17. Nxf6+ Bxf6 18. Qg4 Bxc3 19. Bxc3 f5 20. Qd4 Ne4 21.
Rc2 dxc4 22. Qxc4 Qxc4 23. bxc4 Rac8 24. Bb4 Rd4 25. Rac1 b5 26. f3 Nf6 27. Kf2
Kf7 28. Ke3 e5 29. Ba3 Rdxc4 30. Rxc4 Rxc4 31. Rxc4 bxc4 32. Kd2 Ke6 33. Kc3
Kd5 34. Kb4 Nd7 35. Ka5 Nc5 36. Bb2 g6 37. Ba1 e4 38. Bc3 e3 39. Bf6 Nd3 40. a4
Ne5 41. Kb4 Nd7 42. Bg7 1/2-1/2

[Event "CAN-ch"]
[Site "Montreal CAN"]
[Date "2001.08.23"]
[Round "4"]
[White "Milicevic, Dragoljub"]
[Black "Roussel-Roozmon, Thomas"]
[Result "1-0"]
[WhiteElo "2269"]
[BlackElo "2126"]
[PlyCount "51"]
[EventDate "2001.08.21"]
[EventType "swiss"]
[EventRounds "9"]
[EventCountry "CAN"]
[Source "Mark Crowther"]
[SourceDate "2001.08.27"]

1. g3 c5 2. Bg2 Nc6 3. c4 g6 4. Nc3 Bg7 5. d3 e6 6. e4 Nge7 7. Nge2 O-O 8. h4
Nd4 9. h5 Nec6 10. Bf4 d6 11. Nxd4 Nxd4 12. Qd2 Qe7 13. O-O-O Rb8 14. Bh6 Bf6
15. Bxf8 Kxf8 16. hxg6 hxg6 17. Rh7 b5 18. cxb5 Nxb5 19. Rdh1 Qc7 20. Nxb5 Rxb5
21. b3 Ke7 22. Kd1 Bd7 23. R1h6 Be8 24. Rxg6 Bd4 25. Qg5+ Kd7 26. Rxe6 1-0

[Event "CAN-ch"]
[Site "Montreal CAN"]
[Date "2001.08.25"]
[Round "6"]
[White "Roussel-Roozmon, Thomas"]
[Black "Lipnowski, Irwin"]
[Result "1/2-1/2"]
[WhiteElo "2126"]
[BlackElo "2309"]
[PlyCount "84"]
[EventDate "2001.08.21"]
[EventType "swiss"]
[EventRounds "9"]
[EventCountry "CAN"]
[Source "Mark Crowther"]
[SourceDate "2001.03.09"]

1. d4 g6 2. c4 Bg7 3. e4 d6 4. Nc3 Nf6 5. f3 O-O 6. Be3 e5 7. d5 Nh5 8. Nge2 f5
9. Qd2 Nd7 10. O-O-O f4 11. Bf2 Bf6 12. Qe1 a6 13. Kb1 Qe7 14. Nc1 Rd8 15. b4
c5 16. a3 b6 17. Nb3 Rb8 18. Ka2 Nf8 19. bxc5 bxc5 20. Na5 Bd7 21. g4 fxg3 22.
hxg3 Rb6 23. Bh3 Rdb8 24. Qe2 Qd8 25. Bxd7 Rb2+ 26. Qxb2 Rxb2+ 27. Kxb2 Qxa5
28. Bc6 Bg5 29. Rd3 Nf6 30. Rb1 N6d7 31. Ba4 Qc7 32. Ka2 Nb6 33. Bb3 Qg7 34.
Rh1 h5 35. Na4 Nfd7 36. Nxb6 Nxb6 37. Be1 Bd8 38. Ba5 Qf6 39. Rb1 Qg5 40. Rg1
Qh6 41. Bd2 Bg5 42. Bxg5 Qxg5 1/2-1/2

[Event "CAN-ch"]
[Site "Montreal CAN"]
[Date "2001.08.27"]
[Round "8"]
[White "Reddy, Tyler"]
[Black "Roussel-Roozmon, Thomas"]
[Result "1-0"]
[WhiteElo "2084"]
[BlackElo "2126"]
[PlyCount "87"]
[EventDate "2001.08.21"]
[EventType "swiss"]
[EventRounds "9"]
[EventCountry "CAN"]
[Source "Mark Crowther"]
[SourceDate "2001.03.09"]

1. c4 b6 2. Nc3 Bb7 3. d3 g6 4. e4 Bg7 5. Nge2 c5 6. g3 Nc6 7. Bg2 e6 8. O-O
Nge7 9. f4 d6 10. Be3 Nd4 11. Bxd4 cxd4 12. Nb5 Nc6 13. f5 gxf5 14. exf5 e5 15.
Qd2 h5 16. Qe1 Bh6 17. Nexd4 Qd7 18. Nxc6 Bxc6 19. Bxc6 Qxc6 20. Qe4 Kd7 21.
Rae1 a6 22. Nc3 Bd2 23. Re2 Bxc3 24. bxc3 Qxe4 25. Rxe4 f6 26. Rb1 Kc6 27. Re2
h4 28. g4 Rhg8 29. h3 Rgd8 30. Reb2 Rab8 31. Kf2 d5 32. cxd5+ Rxd5 33. Ke3 Kc5
34. Rb4 Rd6 35. Rc4+ Kd5 36. Rc7 Rc6 37. Rd7+ Kc5 38. d4+ Kc4 39. dxe5 fxe5 40.
Ke4 Rc5 41. f6 Kxc3 42. Rc1+ Kb2 43. Rxc5 bxc5 44. Rd5 1-0

[Event "CAN-ch"]
[Site "Montreal CAN"]
[Date "2001.08.28"]
[Round "9"]
[White "Roussel-Roozmon, Thomas"]
[Black "Saint Amand, Paul"]
[Result "1/2-1/2"]
[WhiteElo "2126"]
[BlackElo "2208"]
[PlyCount "147"]
[EventDate "2001.08.21"]
[EventType "swiss"]
[EventRounds "9"]
[EventCountry "CAN"]
[Source "Mark Crowther"]
[SourceDate "2001.03.09"]

1. d4 Nf6 2. Nf3 e6 3. c4 c5 4. Nc3 cxd4 5. Nxd4 Nc6 6. g3 Qb6 7. Nc2 Ne5 8. b3
Bc5 9. e3 Qc6 10. e4 Nxe4 11. Nxe4 Qxe4+ 12. Qe2 Nd3+ 13. Kd2 Qxh1 14. Kxd3
Qxh2 15. Be3 Bxe3 16. Nxe3 Qh6 17. Bg2 O-O 18. c5 f5 19. Nc4 Qf6 20. Re1 Rb8
21. Kc2 b6 22. cxb6 axb6 23. Nd6 Qd4 24. Rd1 Qc5+ 25. Kb2 b5 26. Qd2 Rb6 27. b4
Qe5+ 28. Kb3 f4 29. g4 Ba6 30. Bf3 Rfb8 31. Qd3 g6 32. g5 Rxd6 33. Qxd6 Qxd6
34. Rxd6 Bb7 35. Bxb7 Rxb7 36. Rd4 e5 37. Rd5 e4 38. Rd4 d5 39. Rxd5 Re7 40.
Kc2 e3 41. fxe3 Rxe3 42. Rxb5 f3 43. Rb6 Re4 44. Rf6 Rxb4 45. Rxf3 Rg4 46. a4
Rxa4 47. Rg3 Rd4 48. Rd3 Re4 49. Kd2 Re5 50. Rd8+ Kf7 51. Rd7+ Ke6 52. Rxh7 Kf5
53. Rh1 Kxg5 54. Rg1+ Kh6 55. Rh1+ Kg7 56. Kd3 g5 57. Kd4 Re6 58. Rg1 Kh6 59.
Rh1+ Kg6 60. Rg1 Re8 61. Kd3 Re7 62. Kd4 Re6 63. Kd3 Re5 64. Kd4 Re2 65. Kd3
Rh2 66. Ke3 Kh5 67. Kf3 Kh4 68. Rg4+ Kh5 69. Rg1 Rh4 70. Rb1 Rh3+ 71. Kg2 Rc3
72. Rb4 g4 73. Rb8 Kg5 74. Rg8+ 1/2-1/2

[Event "Quebec op"]
[Site "Montreal CAN"]
[Date "2001.07.21"]
[Round "1"]
[White "Voskanyan, Vahagn"]
[Black "Roussel-Roozmon, Thomas"]
[Result "0-1"]
[WhiteElo "2390"]
[BlackElo "2200"]
[PlyCount "146"]
[EventDate "2001.07.21"]
[EventType "swiss"]
[EventRounds "9"]
[EventCountry "CAN"]

1. Nf3 b6 2. c4 Bb7 3. Nc3 e6 4. d4 Bb4 5. Qb3 Bxc3+ 6. Qxc3 Nf6 7. g3 d6 8.
Bg2 Nbd7 9. O-O O-O 10. b3 a5 11. Rd1 Ra7 12. Bb2 Qa8 13. a4 Ne4 14. Qc2 f5 15.
Bh3 g5 16. Nd2 g4 17. Bf1 Ng5 18. Qd3 Qe8 19. f4 Ne4 20. Nxe4 Bxe4 21. Qc3 Nf6
22. d5 Ra8 23. Rd2 Qg6 24. dxe6 Rae8 25. c5 Rxe6 26. cxb6 cxb6 27. Rad1 d5 28.
Rc1 Nd7 29. Qh8+ Kf7 30. Qd4 Nc5 31. Rxc5 bxc5 32. Qxc5 Ra8 33. e3 Rc6 34. Qb5
Rb6 35. Qd7+ Kg8 36. Rxd5 Qf7 37. Bc4 Qxd7 38. Rxd7+ Kf8 39. Rxh7 Rab8 40. Be5
R8b7 41. Rh8+ Ke7 42. Rh7+ Kf8 43. Rh8+ Ke7 44. Ra8 Bc2 45. Rxa5 Bxb3 46. Bb5
Bd5 47. Bd4 Rh6 48. Be5 Bc6 49. Ra6 Kd7 50. Bd3 Rh5 51. a5 Rb3 52. Ra7+ Ke8 53.
Bc2 Rxe3 54. Rc7 Re1+ 55. Kf2 Rc1 56. Rxc6 Rxh2+ 57. Ke3 Rcxc2 58. Re6+ Kd7 59.
Rf6 Rhg2 60. Rxf5 Rxg3+ 61. Kd4 Ra3 62. Rf7+ Ke8 63. Rg7 g3 64. f5 g2 65. f6
Rxa5 66. Bh2 Rf5 67. Re7+ Kf8 68. Kd3 Rxf6 69. Re4 Rh6 70. Rf4+ Ke8 71. Re4+
Kd7 72. Rd4+ Kc6 73. Bg1 Rc1 0-1

[Event "Quebec op"]
[Site "Montreal CAN"]
[Date "2001.07.22"]
[Round "2"]
[White "Roussel-Roozmon, Thomas"]
[Black "Turov, Maxim"]
[Result "0-1"]
[WhiteElo "2200"]
[BlackElo "2550"]
[PlyCount "110"]
[EventDate "2001.07.21"]
[EventType "swiss"]
[EventRounds "9"]
[EventCountry "CAN"]

1. d4 Nf6 2. c4 g6 3. Nc3 d5 4. Nf3 Bg7 5. e3 O-O 6. Qb3 dxc4 7. Bxc4 Nc6 8.
Bb5 Na5 9. Qa4 c6 10. Be2 b5 11. Qc2 a6 12. O-O Qb6 13. b3 c5 14. Bb2 Bb7 15.
Rac1 Rac8 16. dxc5 Qxc5 17. Qb1 Qb6 18. h3 Bc6 19. Ne5 Ba8 20. Bf3 Bxf3 21.
Nxf3 Nb7 22. Ne4 Nd5 23. Bxg7 Kxg7 24. Qb2+ f6 25. Qd4 Qxd4 26. Nxd4 Kf7 27.
Nc6 Rc7 28. Na7 Ra8 29. Rxc7 Nxc7 30. Rc1 Ne6 31. Nc6 Ke8 32. Kf1 a5 33. Ke1
Rc8 34. Kd1 Kd7 35. Nd4 Rxc1+ 36. Kxc1 Nxd4 37. exd4 Kc6 38. Kc2 Nd8 39. Kd3
Ne6 40. g3 f5 41. Nc3 Nc7 42. h4 Ne8 43. f3 Nf6 44. Ke3 h6 45. Kd3 g5 46. hxg5
hxg5 47. Ke3 Nh5 48. Ne2 Nxg3 49. Nxg3 f4+ 50. Kf2 fxg3+ 51. Kxg3 Kd5 52. Kg4
Kxd4 53. Kxg5 Kc3 54. f4 Kb2 55. a4 b4 0-1

[Event "Quebec op"]
[Site "Montreal CAN"]
[Date "2001.07.22"]
[Round "3"]
[White "Lawson, Eric"]
[Black "Roussel-Roozmon, Thomas"]
[Result "1/2-1/2"]
[WhiteElo "2122"]
[BlackElo "2200"]
[PlyCount "87"]
[EventDate "2001.07.21"]
[EventType "swiss"]
[EventRounds "9"]
[EventCountry "CAN"]

1. e4 e5 2. Nf3 Nc6 3. Bc4 Bc5 4. d3 Nf6 5. c3 a6 6. Bb3 d6 7. O-O Ba7 8. h3 h6
9. Re1 O-O 10. Nbd2 Ne7 11. Nf1 Ng6 12. Be3 Bxe3 13. Nxe3 c6 14. Bc2 d5 15.
exd5 cxd5 16. d4 e4 17. Ne5 Ne7 18. f3 Nf5 19. fxe4 dxe4 20. N3g4 Nxg4 21. Nxg4
Nd6 22. Qe2 Bxg4 23. Qxg4 f5 24. Qf4 Qf6 25. Rad1 b5 26. a4 Rfd8 27. axb5 axb5
28. Bb3+ Kh8 29. g4 Qh4 30. Kg2 fxg4 31. Qxg4 Qxg4+ 32. hxg4 Rf8 33. Rf1 Kh7
34. Bd5 Rac8 35. Rde1 Rxf1 36. Rxf1 Kg6 37. Re1 b4 38. cxb4 Rc2+ 39. Kg3 Rxb2
40. Bxe4+ Kg5 41. Bd5 Rxb4 42. Re5+ Kf6 43. Re6+ Kg5 44. Re5+ 1/2-1/2

[Event "Quebec op"]
[Site "Montreal CAN"]
[Date "2001.07.23"]
[Round "4"]
[White "Roussel-Roozmon, Thomas"]
[Black "Prahov, Valentin"]
[Result "1/2-1/2"]
[WhiteElo "2200"]
[BlackElo "2136"]
[PlyCount "79"]
[EventDate "2001.07.21"]
[EventType "swiss"]
[EventRounds "9"]
[EventCountry "CAN"]

1. d4 f5 2. g3 Nf6 3. Bg2 g6 4. Nf3 Bg7 5. O-O d6 6. c4 Nc6 7. Nc3 O-O 8. Qc2
e5 9. dxe5 Nxe5 10. b3 Qe7 11. Bb2 c6 12. Rad1 Be6 13. Ba3 Nxf3+ 14. exf3 Rad8
15. f4 Rfe8 16. Rd3 Qc7 17. Rfd1 d5 18. cxd5 cxd5 19. Qd2 Qa5 20. Bb2 Ne4 21.
Nxe4 Qxd2 22. Nxd2 Bxb2 23. Nc4 Bf6 24. Bxd5 Bxd5 25. Rxd5 Re1+ 26. Rxe1 Rxd5
27. Re8+ Kg7 28. Ra8 Bd4 29. Rb8 b5 30. Ne5 Bb6 31. Rb7+ Kg8 32. Nc6 Rd1+ 33.
Kg2 Rd2 34. Nxa7 Bxf2 35. Nxb5 Rxa2 36. Nc3 Rc2 37. Nd5 Bd4+ 38. Kh1 Rc1+ 39.
Kg2 Rc2+ 40. Kh1 1/2-1/2

[Event "Quebec op"]
[Site "Montreal CAN"]
[Date "2001.07.24"]
[Round "5"]
[White "Roussel-Roozmon, Thomas"]
[Black "Fortier, Marc-Andre"]
[Result "1/2-1/2"]
[WhiteElo "2200"]
[BlackElo "2073"]
[PlyCount "85"]
[EventDate "2001.07.21"]
[EventType "swiss"]
[EventRounds "9"]
[EventCountry "CAN"]

1. d4 Nf6 2. c4 g6 3. Nc3 Bg7 4. e4 d6 5. f3 O-O 6. Be3 e5 7. d5 c6 8. Bd3 Na6
9. Nge2 Ne8 10. O-O f5 11. a3 f4 12. Bf2 c5 13. Rb1 g5 14. b4 b6 15. Nc1 h5 16.
Re1 g4 17. Kf1 Bf6 18. Ke2 Bh4 19. Bxh4 Qxh4 20. Rh1 Kh7 21. Qe1 Qg5 22. Qf2
Ng7 23. Kd2 h4 24. Be2 Rf6 25. Nd3 Rh6 26. Qg1 Nh5 27. Kc2 g3 28. h3 Qd8 29.
bxc5 bxc5 30. Kb2 Qa5 31. Qe1 Rb8+ 32. Nb5 Qxe1 33. Rhxe1 Kg7 34. Ka2 Rb7 35.
Nc3 Re7 36. Bd1 Nf6 37. Ba4 Nh7 38. Ne2 Rf6 39. Bc6 Ng5 40. Ng1 Rc7 41. Rb5 Ne6
42. Rb2 Nd4 43. Ba4 1/2-1/2

[Event "Quebec op"]
[Site "Montreal CAN"]
[Date "2001.07.25"]
[Round "6"]
[White "Fillion, Steve"]
[Black "Roussel-Roozmon, Thomas"]
[Result "1/2-1/2"]
[WhiteElo "2096"]
[BlackElo "2200"]
[PlyCount "63"]
[EventDate "2001.07.21"]
[EventType "swiss"]
[EventRounds "9"]
[EventCountry "CAN"]

1. e4 e5 2. Nc3 Nc6 3. Nf3 Nf6 4. Bb5 Bb4 5. O-O O-O 6. d3 d6 7. Ne2 Ne7 8. c3
Ba5 9. Ng3 Ng6 10. d4 c6 11. Ba4 Bb6 12. h3 h6 13. Re1 Qc7 14. Be3 Be6 15. Bc2
Rad8 16. Qb1 Qc8 17. Kh2 Bc7 18. b4 Nf4 19. Bxf4 exf4 20. Nf5 Rfe8 21. Bd3 Bxf5
22. exf5 Rxe1 23. Qxe1 Re8 24. Qb1 d5 25. Qc2 Kf8 26. Kg1 Ne4 27. Nd2 Ng5 28.
Nf3 Nxf3+ 29. gxf3 Bd8 30. Qd2 Qc7 31. Re1 Rxe1+ 32. Qxe1 1/2-1/2

[Event "Quebec op"]
[Site "Montreal CAN"]
[Date "2001.07.26"]
[Round "7"]
[White "Roussel-Roozmon, Thomas"]
[Black "Chu, Stefanie"]
[Result "1/2-1/2"]
[WhiteElo "2200"]
[BlackElo "1971"]
[PlyCount "123"]
[EventDate "2001.07.21"]
[EventType "swiss"]
[EventRounds "9"]
[EventCountry "CAN"]

1. d4 Nf6 2. c4 g6 3. Nc3 Bg7 4. e4 d6 5. f3 c6 6. Be3 O-O 7. Qd2 a6 8. Bd3 b5
9. Nge2 Nbd7 10. O-O Nb6 11. b3 Nfd7 12. f4 b4 13. Nd1 c5 14. Nb2 a5 15. a3 Bb7
16. d5 a4 17. Qc2 axb3 18. Qxb3 Rxa3 19. Rxa3 bxa3 20. Qxa3 Qa8 21. Qb3 Qa5 22.
Qc2 Qa2 23. Rb1 Ra8 24. Nc3 Bxc3 25. Qxc3 Ra3 26. Qd2 Ba6 27. Rc1 Na4 28. Rc2
Qa1+ 29. Nd1 Ndb6 30. Kf2 h5 31. Be2 Qf6 32. g3 h4 33. Kg2 hxg3 34. hxg3 Qa1
35. Qc1 Ra2 36. Qxa1 Rxa1 37. Bc1 Kh7 38. Kf2 Kg8 39. g4 Rb1 40. g5 Rb4 41. Ne3
Kh7 42. Bd3 Rb3 43. Bf1 Nc3 44. e5 Kg8 45. exd6 exd6 46. Bb2 Nba4 47. Ba1 Ra3
48. Bxc3 Nxc3 49. Rb2 Ra2 50. Rxa2 Nxa2 51. f5 Bc8 52. f6 Nb4 53. Ke2 Bd7 54.
Kd2 Kf8 55. Be2 Ke8 56. Ng4 Kf8 57. Kc3 Ba4 58. Nh6 Bd7 59. Kb3 Na6 60. Bg4 Be8
61. Ka3 Nb4 62. Bd1 1/2-1/2

[Event "Quebec op"]
[Site "Montreal CAN"]
[Date "2001.07.27"]
[Round "8"]
[White "Moisan-Plante, Marc-Olivier"]
[Black "Roussel-Roozmon, Thomas"]
[Result "0-1"]
[WhiteElo "2114"]
[BlackElo "2200"]
[PlyCount "38"]
[EventDate "2001.07.21"]
[EventType "swiss"]
[EventRounds "9"]
[EventCountry "CAN"]

1. e4 e5 2. Nf3 Nc6 3. Nc3 Nf6 4. d4 exd4 5. Nd5 Nxd5 6. exd5 Nb4 7. Nxd4 Nxd5
8. Nf5 Ne7 9. Bg5 f6 10. Bxf6 gxf6 11. Qh5+ Ng6 12. O-O-O d6 13. Bc4 Bxf5 14.
Rhe1+ Be7 15. Qxf5 c6 16. h4 d5 17. h5 Ne5 18. Rxe5 fxe5 19. Rxd5 Qc8 0-1

[Event "CYCC U14"]
[Site "Sackville CAN"]
[Date "2001.07.06"]
[Round "6"]
[White "Davies, Lucas"]
[Black "Roussel-Roozmon, Thomas"]
[Result "0-1"]
[WhiteElo "1905"]
[BlackElo "2101"]
[PlyCount "132"]
[EventDate "2001.07.04"]
[EventType "swiss"]
[EventRounds "7"]
[EventCountry "CAN"]
[Source "CFC"]
[SourceDate "2001.08.??"]

1. e4 e5 2. Nf3 Nc6 3. Bc4 Bc5 4. c3 Nf6 5. d3 a6 6. Bb3 d6 7. Nbd2 O-O 8. h3
Ba7 9. Nf1 Ne7 10. Ng3 Ng6 11. O-O h6 12. d4 exd4 13. cxd4 d5 14. e5 Ne4 15.
Bc2 Nxg3 16. fxg3 Qe7 17. Qd3 Rd8 18. Kh2 c5 19. Nh4 Nf8 20. Nf5 Bxf5 21. Qxf5
cxd4 22. Qg4 Kh8 23. Bxh6 gxh6 24. Rf6 Ng6 25. Bxg6 Rg8 26. Rxf7 Qxf7 27. Bxf7
Rxg4 28. hxg4 Rd8 29. e6 Bc5 30. Rc1 Bd6 31. Kh3 Kg7 32. Kh4 Be7+ 33. Kh3 Bg5
34. Rd1 Bf6 35. g5 Bxg5 36. Rxd4 Bf6 37. Rd2 d4 38. e7 Bxe7 39. Bc4 Bg5 40. Rd3
Be3 41. Kg4 b5 42. Be6 Kf6 43. Bb3 Ke5 44. Bd1 Rc8 45. Bf3 Rc2 46. Rb3 Rc7 47.
Ba8 Rd7 48. Kf3 Rf7+ 49. Ke2 Rf2+ 50. Ke1 Rf6 51. Ke2 Kd6 52. Bf3 Ke5 53. Rd3
Kd6 54. Rd1 Kc5 55. Rd3 Kc4 56. Rd1 Re6 57. Kf1 d3 58. Bh5 Rf6+ 59. Bf3 Kd4 60.
Ke1 Rf7 61. Kf1 Re7 62. Be2 d2 63. b3 Kc3 64. a4 Kc2 65. axb5 Rf7+ 66. Bf3
Rxf3+ 0-1

[Event "Quebec-ch final"]
[Site "Montreal CAN"]
[Date "2001.06.09"]
[Round "1.1"]
[White "Roussel-Roozmon, Thomas"]
[Black "Hua, Lefong"]
[Result "0-1"]
[WhiteElo "2207"]
[BlackElo "2301"]
[PlyCount "66"]
[EventDate "2001.06.09"]
[EventType "k.o."]
[EventRounds "3"]
[EventCountry "CAN"]

1. d4 Nf6 2. c4 c5 3. d5 e6 4. Nc3 exd5 5. cxd5 d6 6. e4 g6 7. f4 a6 8. e5 dxe5
9. fxe5 Nfd7 10. Nf3 Bg7 11. Bf4 O-O 12. Ne4 Qb6 13. Qb3 Qa5+ 14. Kf2 b5 15. a4
c4 16. Qc2 Bb7 17. Be2 Qb6+ 18. Be3 Qc7 19. axb5 axb5 20. Rxa8 Bxa8 21. Nd6
Nxe5 22. Nxe5 Qxd6 23. Nf3 Qxd5 24. Rd1 Qe4 25. Qxe4 Bxe4 26. Nd4 Nc6 27. Nxb5
Ne5 28. Nd6 Nd3+ 29. Kf1 Nxb2 30. Rc1 Bd3 31. Bxd3 cxd3 32. Nc4 Re8 33. Kf2 d2
0-1

[Event "Quebec-ch final"]
[Site "Montreal CAN"]
[Date "2001.06.10"]
[Round "1.2"]
[White "Hua, Lefong"]
[Black "Roussel-Roozmon, Thomas"]
[Result "1/2-1/2"]
[WhiteElo "2301"]
[BlackElo "2207"]
[PlyCount "70"]
[EventDate "2001.06.09"]
[EventType "k.o."]
[EventRounds "3"]
[EventCountry "CAN"]

1. c4 b6 2. Nf3 Bb7 3. d4 e6 4. a3 Nf6 5. Nc3 Be7 6. Bg5 d6 7. e3 Nbd7 8. Be2
a6 9. O-O O-O 10. b4 c5 11. Qb3 Qc7 12. Nd2 Rac8 13. Rac1 Qb8 14. bxc5 dxc5 15.
Bf4 Bd6 16. Bxd6 Qxd6 17. Bf3 Bxf3 18. Nxf3 cxd4 19. exd4 Qc6 20. Ne2 Ne4 21.
Rfd1 Qc7 22. Qd3 Ndf6 23. Ne5 Rfd8 24. Qe3 Nd6 25. Ng3 Nd7 26. c5 bxc5 27. Nxd7
Rxd7 28. dxc5 Nb7 29. Rxd7 Qxd7 30. Ne4 h6 31. h3 Qd5 32. Qe2 f5 33. Nc3 Qc6
34. Na4 Kf7 35. Nb6 Rc7 1/2-1/2

[Event "Quebec-ch U20"]
[Site "Montreal CAN"]
[Date "2001.05.04"]
[Round "1"]
[White "Cormos, Eugene"]
[Black "Roussel-Roozmon, Thomas"]
[Result "0-1"]
[WhiteElo "2138"]
[BlackElo "2206"]
[PlyCount "100"]
[EventDate "2001.05.04"]
[EventType "tourn"]
[EventRounds "5"]
[EventCountry "CAN"]

1. e4 e5 2. Nf3 Nc6 3. Bc4 Bc5 4. c3 Nf6 5. O-O Nxe4 6. d4 d5 7. Bb5 exd4 8.
cxd4 Bd6 9. Ne5 O-O 10. Bxc6 bxc6 11. f3 Ng5 12. Nxc6 Qf6 13. Nc3 Be6 14. Nb5
Bd7 15. Qc2 Bxc6 16. Bxg5 Qxg5 17. Nxd6 cxd6 18. Qxc6 Rac8 19. Qxd6 Rc2 20. Qg3
Qe3+ 21. Kh1 Qxd4 22. b3 Qb2 23. Rfb1 Qc3 24. Qe1 Rc8 25. Qxc3 R8xc3 26. Rd1 g6
27. Rxd5 Rxa2 28. Rdd1 Rxa1 29. Rxa1 Rxb3 30. Kg1 Rb7 31. Ra6 Kf8 32. Kf2 Ke7
33. h4 Kd7 34. h5 Kc8 35. Kg3 Kb8 36. Kg4 Rb5 37. hxg6 hxg6 38. Rf6 Rb7 39. Ra6
Rb6 40. Ra4 Kb7 41. f4 Rb5 42. Ra3 a5 43. Re3 Ka6 44. Re7 a4 45. Rxf7 a3 46.
Rf8 Ka7 47. Re8 a2 48. Re1 Rb1 49. Re7+ Kb8 50. Re8+ Kc7 0-1